| 000 | 00000nam##2200000za#4500 |
| 001 | 9.588064 |
| 003 | CaOODSP |
| 005 | 20210624194935 |
| 007 | cr ||||||||||| |
| 008 | 150406|2000||||xxc|||||o f|0| 0 fre|d |
| 040 | |aCaOODSP|bfre |
| 041 | |aeng |
| 041 | |afre |
| 043 | |an-cn--- |
| 086 | 1 |aH12-30/114-PDF |
| 110 | 1 |aCanada. |bSanté Canada. |
| 245 | 10|aRévision de l'A.M.M. n° 112 - infections attribuables à une décontamination inadéquate réalisée à l'aide d'unités de retraitement automatique des endoscopes (URAE) |h[ressource électronique] |
| 260 | |aOttawa - Ontario : |bSanté Canada |
| 300 | |a8p.|bréférences |
| 490 | 1 |aAlerte : matériels médicaux |vA.M.M. N° 114 (Le 1 novembre 2000) |
| 590 | |a12-08-Supp|b2012-03-16 |
| 776 | 0#|tRevision to M.D.A. No. 112: Infections from endoscopes inadequately reprocessed by automatic endoscope reprocessing units |w(CaOODSP)9.534732 |
| 791 | |tRevision to M.D.A. no. 112 - infections from endoscopes inadequately reprocessed by automatic endoscope reprocessing units |eeng|w(CaOODSP)9.588063 |
| 830 | #0|aAlerte : matériels médicaux ;|vA.M.M. N° 114 (Le 1 novembre 2000)|w(CaOODSP)9.500604 |
| 856 | 40|ahttp://publications.gc.ca|qPDF|s1.11 Mo|uhttps://publications.gc.ca/collections/Collection/H12-30-114.pdf|yA.M.M. N° 114 (Le 1 novembre 2000) |